000 00862nam a2200229Ia 4500
008 0000002004 sp ad 0000000000spa00
090 _aPSP00 F27f1
245 1 0 _aFernando Otero
_c/ crítica de arte Carlo Trivelli
300 _a[6] láminas
_c/ 16 cm. + 1 CD ROM
500 _aIncluye CDROM bajo el título: Fernando Otero. Consultarlo bajo clasificación: PSP02 F27f \ Donación Galería Casas Reigner, Febrero 2011
600 0 0 _aOTERO, FERNANDO, 1972/
_xTRABAJOS PICTORICOS
650 1 4 _aARTE CONTEMPORANEO ESPAÑOL
650 1 4 _aARTISTAS PLASTICOS ESPAÑOLES
650 1 4 _xCATALOGOS
650 1 4 _aPINTORES ESPAÑOLES
650 1 4 _aPINTURA (TECNICA MIXTA)
650 1 4 _aPINTURA ABSTRACTA
650 1 4 _aPINTURA ACRILICA (ARTE)
650 1 4 _aPINTURA ESPAÑOLA
700 1 _aTrivelli, Carlo
999 _c13292
_d13292
260 _a[Madrid] : <s.n.>
_c2004